Pokémon - Equipes Dresseurs Alola - Statistiques

Statistiques générales
  • Ce quiz a été pris 251 fois
  • Le résultat moyen est 95 sur 210
Statistiques - réponses
Dresseur Pokémon % Correct
Lougaroc
91%
Archéduc
89%
Brindibou
89%
Oratoria
89%
Félinferno
87%
Flamiaou
87%
Tili Otaquin
87%
Raichu d'Alola
87%
Efflèche
81%
Matoufeu
81%
Otarlette
81%
Pikachu
81%
Silvallié
74%
Argouste
72%
Bazoucan
72%
Bourrinos
72%
Persian d'Alola
72%
Gladio Type 0
72%
Malamandre
70%
Ossatueur d'Alola
70%
Tarenbulle
70%
Feunard d'Alola
68%
Althéo Manglouton
68%
Elsa-Mina Mélodelfe
68%
Guzma Sarmuraï
68%
Sucreine
68%
Pichu
66%
Crabominable
64%
Nostenfer
64%
Boumata
62%
Crabagarre
62%
Lucanon
62%
Plumeline
62%
Sinistrail
62%
Chrys Togedemaru
62%
Aquali
60%
Évoli
60%
Floramantis
60%
Phyllali
60%
Rubombelle
60%
Trépassable
60%
Pyroli
57%
Queulorior
57%
Candine
55%
Grolem d'Alola
55%
Tauros
55%
Tritox
55%
Denticrisse
53%
Ékaïser
53%
Magnézone
53%
Métalosse
53%
Nosferalto
53%
Danh | Margie Ténéfix
53%
Chelours
51%
Lucario
51%
Mentali
51%
Alakazam
49%
Guérilande
49%
Hariyama
49%
Saubohne Hypnomade
49%
Makuhita
49%
Maskadra
49%
Lilie Mélofée
49%
Ronflex
49%
Alyxia Tarinor
49%
Paulie Triopikeur
49%
Triopikeur d'Alola
49%
Kahili | Molène Airmure
47%
Armaldo
47%
Milobellus
47%
Nosferapti
47%
Tarinorme
47%
Zoroark
47%
Ectoplasma
45%
Fragilady
45%
Grotadmorv d'Alola
45%
Mackogneur
45%
Noadkoko d'Alola
45%
Tritosor Mer Orient
45%
Vacilys
45%
Dracolosse
43%
Sablaireau d'Alola
43%
USUL Zorua
43%
Solane Carchacrok
38%
Cizayox
38%
Colossinge
38%
Dimoret
38%
Dodoala
38%
Dracaufeu
38%
Draïeul
38%
Farfuret
38%
Gigalithe
38%
Grodoudou
38%
Lampignon
38%
Libégon
38%
Prédastérie
38%
Scarabrute
38%
Absol
36%
Bruyverne
36%
Crocorible
36%
Flagadoss
36%
Givrali
36%
USUL Machoc
36%
Scalproie
36%
Magirêve
34%
USUL Anorith
32%
Escroco
32%
Gouroutan
32%
USUL Gueriaigle
32%
Lilia
32%
Quartermac
32%
Tartard
32%
Vaututrice
32%
USUL Arcanin
30%
Corboss
30%
Pectorius Férosinge
30%
Migalos
30%
Relicanth
30%
Roigada
30%
LGPE Rondoudou
30%
Brutalibré
28%
Florizarre
28%
Géolithe
28%
Grodrive
28%
M.Mime
28%
Tortank
28%
Oléa Trousselin
28%
Vémini
28%
USUL Branette
26%
Kiawe Caninos
26%
Maganon
26%
Momartik
26%
USUL Mysdibule
26%
USUL Sonistrelle
26%
USUL Golemastoc
23%
Métang
23%
Strassie
23%
Élekable
21%
Granbull
21%
USUL Lanturn
21%
Rhody | Solie Couafarel
19%
Crustabri
19%
USUL Desséliande
19%
Kangourex
19%
Sharpedo
19%
Coatox
17%
Flambusard
17%
Kokiyas
17%
Néphie Loupio
17%
Dexio Ramoloss
17%
Farfaduvet
15%
Jungko
15%
USUL Kaorine
15%
USUL Lockpin
15%
Porygon Z
15%
Braisillon
13%
Sina Cadoizo
13%
Léopardus
13%
Blizzaroi
11%
Barbara Brocélôme
11%
USUL Lippouti
11%
USUL Mime Jr.
11%
USUL Carmache
9%
Zygarde
9%
Ali Emolga
6%
Aucun quiz correspondant
Distribution des résultats
% des personnes avec chaque résultat
Percentile par nombre de réponses
Votre historique - résultats
Vous n’avez pas pris ce quiz